Hommage à Rostropovič

Bibliographic Details
Other Authors: Prochác, Eugen, 1962- (Instrumentalist), Palovičová, Jordana, 1976- (Instrumentalist), Prokof'jev, Sergej Sergejevič, 1891-1953, Šostakovič, Dmitrij Dmitrijevič, 1906-1975, Rostropovič, Mstislav, 1927-2007, Britten, Edward Benjamin, 1913-1976
Format: CD Audio
Language:No linguistic content, Not applicable
PhysicalDescription:1 zvuková platňa (68:47) digitál. 12 cm 1 brožúra (15 s.)
Published: Bratislava Experimentálne štúdio VŠMU 2015
Subjects:

MARC

LEADER 00000cjm a2200000 a 4500
001 vtls011533111
003 SK-MaSNL
005 20260331210336.0
007 sd fungnnmmned
008 160307s2015 xo muun fih n zxx
015 |a SNBJ2016 
028 0 1 |a SKG61500117  |b Experimentálne štúdio VŠMU 
040 |a SNK  |b slo  |c SNK  |e AACR2 
041 0 |g slo  |g eng 
044 |a xo  |c SK 
047 |a su  |a sn  |a st  |a zz 
048 |a sc01  |a ka01 
048 |a sc01 
072 7 |a 785  |x Inštrumentálna hudba. Symfonická hudba. Hudba pre viac nástrojov  |2 konspekt 
080 |a 785.7  |2 2011 
080 |a 787.3.082.2  |2 2001 
080 |a 787.3.083.1  |2 2001 
080 |a 787.3.083  |2 2001 
080 |a 787.3.083.6  |2 2001 
080 |a 787.3.083.7  |2 2001 
080 |a (086.76)  |2 2011 
100 1 |a Prochác, Eugen,  |d 1962-  |4 itr  |9 106901 
245 1 0 |a Hommage à Rostropovič  |h zvukový záznam 
260 |a Bratislava  |b Experimentálne štúdio VŠMU  |c 2015 
300 |a 1 zvuková platňa (68:47)  |b digitál.  |c 12 cm  |e 1 brožúra (15 s.) 
306 |a 010847 
500 |a Kompaktná platňa 
500 |a V brožúre údaje o dielach a interpretoch aj v angličtine 
505 0 |a Suita z baletu Figliar pre violončelo a klavír / Sergej Prokofjev -- Dva kusy pre violončelo a klavír / Dmitrij Šostakovič -- Sonáta C dur pre violončelo a klavír op. 119 / Sergej Prokofjev -- Scherzo pre violončelo a klavír / Sergej Prokofjev -- Etuda Es dur pre violončelo sólo / Mstislav Rostropovič -- Sonáta in C pre violončelo a klavír op. 65 / Benjamin Britten 
511 0 |a Eugen Prochác, violončelo ; Jordana Palovičová, klavír 
518 |a Nahrávané 9.-10. máj 2015, Koncertná sieň Dvorana HTF VŠMU 
650 0 7 |a komorná hudba  |2 SNKPH  |9 3431 
650 0 7 |a drobné skladby (violončelo, klavír)  |2 SNKPH  |9 406497 
650 0 7 |a scherzá (violončelo, klavír)  |2 SNKPH  |9 606854 
650 0 7 |a sonáty (violončelo, klavír)  |2 SNKPH  |9 69248 
650 0 7 |a suity (violončelo, klavír)  |2 SNKPH  |9 606855 
650 0 7 |a etudy (violončelo)  |2 SNKPH  |9 606856 
655 7 |a kompaktné platne  |2 SNKPH  |9 70690 
700 1 |a Palovičová, Jordana,  |d 1976-  |4 itr  |9 120600 
700 1 2 |a Prokof'jev, Sergej Sergejevič,  |d 1891-1953.  |t Figliar.  |p Suita pre violončelo a klavír  |9 606857 
700 1 2 |a Šostakovič, Dmitrij Dmitrijevič,  |d 1906-1975.  |t Dva kusy pre violončelo a klavír  |9 606858 
700 1 2 |a Prokof'jev, Sergej Sergejevič,  |d 1891-1953.  |t Scherzo pre violončelo a klavír  |9 606859 
700 1 2 |a Rostropovič, Mstislav,  |d 1927-2007.  |t Etuda Es dur pre violončelo sólo  |9 606860 
700 1 2 |a Prokof'jev, Sergej Sergejevič,  |d 1891-1953.  |t Sonáta C dur pre violončelo a klavír op. 119  |9 606861 
700 1 2 |a Britten, Edward Benjamin,  |d 1913-1976.  |t Sonáta in C pre violončelo a klavír op. 65  |9 606862 
852 |a Štátna vedecká knižnica v Banskej Bystrici 
999 |c 930686  |d 932616 
952 |a SNK  |b SNK  |y PREZ  |7 0  |p 17A1182192  |o snkSCD 3738  |i snk2016/6559  |8 0  |0 0  |1 0  |4 0  |d 2016-03-07  |l 0  |r 2026-02-24 08:47:07  |w 2026-02-24 
952 |a SNK  |b SNK  |y PREZ  |7 0  |p 17A1182193  |o snkSCD 3738 D1  |i snk2016/6561  |8 0  |0 0  |1 0  |4 0  |d 2016-03-07  |l 0  |r 2026-02-24 08:47:07  |w 2026-02-24